000 00767nam a2200229 i 4500
001 107982
003 ES-MaACL
005 20250829080509.0
007 t|
008 070105s1971 sp |||| | spa d
080 _a860-1"18/19"(082.2)
245 0 0 _aAntología de la poesía española contemporánea /
_cEnrique Moreno Báez.
260 _aEstella (Navarra) :
_bSalvat,
_c1971.
300 _a198 p., 1 h. ;
_c19 cm.
490 1 _aBiblioteca básica Salvat de Libros RTV ;
_v92
650 4 _aPoesía española-
_yS.XIX
_916217
650 4 _aPoesías españolas-
_yS.XX.
_916221
700 1 _aMoreno Báez, Enrique.
_983328
830 0 0 _aBiblioteca básica Salvat de libros RTV
_v92
_9185398
852 _aES-MaACL
_jE-3013
999 _c107982
_d107982